| 000 | 00470nam a2200181Ia 4500 | ||
|---|---|---|---|
| 001 | 25227 | ||
| 005 | 20260414151136.0 | ||
| 008 | 260414t2025||||xx |||||||||||||| ||spa|| | ||
| 041 | _aESP | ||
| 082 |
_a346.4 _bT74 |
||
| 100 |
_aTorres Benito, Mitchel, _eAUT |
||
| 245 | 0 |
_aMejor derecho de propiedad : _bnálisis doctrinario y jurisprudencial |
|
| 260 | _c2025 | ||
| 300 |
_a687 páginas : _c25 cm. |
||
| 650 | _aDER | ||
| 654 | _aCDE | ||
| 942 |
_cLIB _dJUS _fJUS _2ddc _n |
||
| 999 |
_c25227 _d25227 |
||